| 000 | 00504nam a22001817a 4500 | ||
|---|---|---|---|
| 003 | OSt | ||
| 005 | 20140310182455.0 | ||
| 008 | 130220t xxu||||| |||| 00| 0 eng d | ||
| 020 | _a9780853697640 | ||
| 050 |
_aRS 420 _b.J76 2008 |
||
| 100 |
_aJones, David _98314 |
||
| 245 |
_aPharmaceutics - dosage form and design / _cDavid Jones |
||
| 260 |
_aLondon: _bPharmaceutical Press, _cc2008. |
||
| 300 |
_a286 p. _c23 cm. _bill. col. ; |
||
| 440 |
_aFASTtrack _98315 |
||
| 942 |
_2lcc _cSSLC |
||
| 999 |
_c13723 _d13723 |
||